25 Jahre Sozialanalyse - Zur Situation junger Aussiedler und Zuwanderer in der Bundesrepublik Deutschland
| Authors: | ; |
|---|---|
| Format: | Print Article |
| Language: | German |
| Published: |
1989
|
| In: |
Jugend, Beruf, Gesellschaft
Year: 1989, Volume: 40, Issue: 1, Pages: 27-30 |
| Availability in Tübingen: | Present in Tübingen. IFK: 6660 |
| Check availability: | HBZ Gateway |
| Keywords: |
MARC
| LEADER | 00000caa a22000002c 4500 | ||
|---|---|---|---|
| 001 | 1640035192 | ||
| 003 | DE-627 | ||
| 005 | 20220608130914.0 | ||
| 007 | tu | ||
| 008 | 160223s1989 xx ||||| 00| ||ger c | ||
| 035 | |a (DE-627)1640035192 | ||
| 035 | |a (DE-576)456036202 | ||
| 035 | |a (DE-599)BSZ456036202 | ||
| 040 | |a DE-627 |b ger |c DE-627 |e rakwb | ||
| 041 | |a ger | ||
| 100 | 1 | |a Schmandt, Rainer |4 aut | |
| 245 | 1 | 0 | |a 25 Jahre Sozialanalyse - Zur Situation junger Aussiedler und Zuwanderer in der Bundesrepublik Deutschland |c Rainer Schmandt, Cornelia Slavernik |
| 264 | 1 | |c 1989 | |
| 336 | |a Text |b txt |2 rdacontent | ||
| 337 | |a ohne Hilfsmittel zu benutzen |b n |2 rdamedia | ||
| 338 | |a Band |b nc |2 rdacarrier | ||
| 700 | 1 | |a Slavernik, Cornelia |4 aut | |
| 773 | 0 | 8 | |i In |t Jugend, Beruf, Gesellschaft |d Bonn : Bundesarbeitsgemeinschaft Jugendsozialarbeit, 1969 |g 40(1989), 1, Seite 27-30 |w (DE-627)130192414 |w (DE-600)529797-7 |w (DE-576)01573613X |x 0342-0175 |7 nnas |
| 773 | 1 | 8 | |g volume:40 |g year:1989 |g number:1 |g pages:27-30 |
| 935 | |a mkri | ||
| 951 | |a AR | ||
| ELC | |b 1 | ||
| LOK | |0 000 xxxxxcx a22 zn 4500 | ||
| LOK | |0 001 3301289185 | ||
| LOK | |0 003 DE-627 | ||
| LOK | |0 004 1640035192 | ||
| LOK | |0 005 20160223101028 | ||
| LOK | |0 008 160208||||||||||||||||ger||||||| | ||
| LOK | |0 040 |a DE-21-110 |c DE-627 |d DE-21-110 | ||
| LOK | |0 689 |a s |a Aussiedler | ||
| LOK | |0 689 |a s |a Übersiedler | ||
| LOK | |0 852 |a DE-21-110 | ||
| LOK | |0 852 1 |c 6660 |m p |9 00 | ||
| LOK | |0 935 |a k110 | ||
| LOK | |0 938 |k p | ||
| LOK | |0 939 |a 08-02-16 |b l01 | ||
| ORI | |a SA-MARC-krimdoka001.raw | ||
| SIG | |a IFK: 6660 | ||
